| 000 | 00336nam a22001337a 4500 | ||
|---|---|---|---|
| 003 | OSt | ||
| 005 | 20220221113253.0 | ||
| 008 | 220221b |||||||| |||| 00| 0 eng d | ||
| 040 | _cHU | ||
| 082 | _a668.4 | ||
| 100 |
_aGuzachew _931001 |
||
| 245 | _aThe Process Technology Of Chemical & Allied Industries Volume I | ||
| 942 |
_2ddc _cBOOKS _n0 |
||
| 999 |
_c31004 _d31004 |
||